000 00950cam a22002891 4500
001 8459115
003 ARRUPE
005 20160126110516.0
008 730108s1964 enka b 000 0beng
010 _a 65002537
015 _aGB64-16176
035 _a(OCoLC)531060
040 _aDLC
_cOBlC
_dNN
_dUk
_dOCoLC
_dDLC
042 _apremarc
050 0 0 _aDT960.M3
_bG3
100 1 _aGann, Lewis H.,
_d1924-
_921780
245 1 0 _aHuggins of Rhodesia;
_bthe man and his country,
_cby L. H. Gann and M. Gelfand.
260 _aLondon,
_bAllen & Unwin
_c[c1964]
300 _a285 p.
_billus., port.
_c23 cm.
500 _a"Publications by Huggins, G. M.": p. [273]-274.
504 _aBibliography: p. 274-278.
600 1 0 _aMalvern, Godfrey Martin Huggins,
_c1st Viscount,
_d1883-1971.
_921781
651 0 _aRhodesia
_xHistory.
_921782
700 1 _aGelfand, Michael.
_99193
906 _a7
_bcbc
_coclcrpl
_du
_encip
_f19
_gy-gencatlg
942 _2lcc
_cSPC
999 _c124030
_d124030